000 00707nam a22002297a 4500
005 20170124110151.0
010 _aB-227438
020 _c700.00
_a9788189000462
035 _aB-227438
037 _bCen Lib/Ret
040 _aDPL
_bEN
082 _a637.1
_bKAP
100 _aKapoor, Ajay
_934042
245 _aDairy science and technology /
_cby Ajay Kapoor
260 _aNew Dlehi
_bVishvabharti Publications
_c2005
270 _a4378/4B, Ansari Road Darya Ganj
_bNew Delhi
_e110002
300 _a297p.
_c21cmHb)
500 _aIncludes bibliographical reference and index
650 _aDairy processing
_934043
650 _aDairy products
_934044
942 _2ddc
_cEN
_h637.1
_mKAP
999 _c132213
_d132213